• 首页
  • 本馆介绍
  • 公告通知
  • 最新文献
  • 馆藏检索
  • 电子资源
  • 读者导购
  • 参考咨询
  • 我的图书馆
  • 登录
  • 详细信息显示
  • 放入我的书架
  • 预约/预借图书
  • 作者相关作品
  • 分类相关作品
  • 丛书相关作品
  • 出版社相关作品

书目信息

  • 表格格式
  • 工作单格式
  • 卡片格式
题名:
诸子与理学
    
 
作者: 蒋伯潜 , 蒋祖怡 著
分册:  
出版信息: 上海   上海书店出版社  1997.05
页数: 219页
开本: 32开
丛书名: 古典文史基本知识丛书
单 册:
中图分类: B22
科图分类:
主题词: 先秦哲学
电子资源:
ISBN: 7-80622-221-9
000 00646nam0 2200229 45
001 0303311159
005 20031219104108.2
010    @a7-80622-221-9@dCNY12.00
100    @a20030331d1997 km y0chiy0120 ea
101 0  @achi
105    @a z 000yy
200 1  @a诸子与理学@AZhu Zi Yu Li Xue@f蒋伯潜,蒋祖怡著@FJiang Bo Qian,Jiang Zu Yi Zhu
210    @a上海@c上海书店出版社@d1997.05
215    @a219页@d32开
225    @a古典文史基本知识丛书
410    @12001 @a古典文史基本知识丛书
606 0  @a先秦哲学
690    @aB22@v4
701    @a蒋伯潜@4著
701  0 @a蒋祖怡@4著
801    @aCN@bTSTC@c20030403
905    @b321666-667@dB22@e189@f2
    
    诸子与理学/蒋伯潜,蒋祖怡著.-上海:上海书店出版社,1997.05
    219页;32开.-(古典文史基本知识丛书)
    
    
    ISBN 7-80622-221-9:CNY12.00
    
●
相关链接 在E读中查询图书 在五车中查询图书 在当当中查询图书 在豆瓣中查询图书


正题名:诸子与理学     索取号:B22/189         预约/预借

序号 登录号 条形码 馆藏地/架位号 状态 备注
1 0321666   203216661   第一借阅区/ [索取号:B22/189] 在馆    
2 0321667   203216670   第一样本阅览室/ [索取号:B22/189] 在馆    
唐山师范学院图书馆 欢迎您!
大连网信软件有限公司© 版权所有